000 00430nam a2200181Ia 4500
001 17535
005 20260306171524.0
008 260306s9999||||xx |||||||||||||| ||und||
041 _aESP
082 _a658.001
_bH64 2000
100 _aHodge., B.J.
_eAUT
245 0 _aTeoría de la organización:
_bun enfoque estratégico
260 _c1998
300 _a
_c
650 _aGEN
654 _aCAN
942 _cLIB
_dJUS
_fJUS
_2ddc
_n
999 _c17535
_d17535